| 000 | 00323nam a2200121Ia 4500 | ||
|---|---|---|---|
| 005 | 20251222152023.0 | ||
| 008 | 251222s9999||||xx |||||||||||||| ||spa|| | ||
| 082 | _a910/O26 | ||
| 245 | 0 | _aGuía del Viajero, Arboles, Leyendas Vivas | |
| 250 | _a1ra.ed. | ||
| 264 | _bRed de Bibliotecas Obra Social Caja Madrid | ||
| 942 | _cLIB | ||
| 999 |
_c25373 _d25373 |
||